Инновационный менеджмент: учебник

Bibliographic Details
Other Authors: Горфинкель В. Я. Владимир Яковлевич (редактор), Попадюк Т. Г.
Summary:Рассмотрены сущность и основные черты современного инновационного менеджмента, конкуренция на рынках инноваций, глобализация инновационной деятельности; показано государственное регулирование этой деятельности. Раскрыта взаимосвязь инноваций и стандартизации, представлена социальная ответственность в области инноваций. Изложены методы инновационного менеджмента, включая целеполагание и прогнозирование инновационной деятельности, мотивацию инновационной активности, учет и анализ инновационной деятельности, контроль и регулирование инновационных проектов. Изложены методы оценки эффективности инновационного менеджмента. Рассмотрены прогрессивные технологии и практики инновационного менеджмента. Для студентов вузов, обучающихся по направлению подготовки 080200 «Менеджмент» (квалификация «магистр»). Может быть использован также при подготовке специалистов и бакалавров.
Language:Russian
Published: Москва, ЮНИТИ, 2013
Series:Magister
Subjects:
Format: MixedMaterials Book
KOHA link:https://koha.lib.tpu.ru/cgi-bin/koha/opac-detail.pl?biblionumber=222562

MARC

LEADER 00000nam0a2200000 4500
001 222562
005 20231101230453.0
010 |a 9785238023595 
035 |a (RuTPU)RU\TPU\book\242775 
090 |a 222562 
100 |a 20110915d2013 m y0rusy50 ca 
101 0 |a rus 
102 |a RU 
105 |a a j 001zy 
200 1 |a Инновационный менеджмент  |e учебник  |f под ред. В. Я. Горфинкеля, Т. Г. Попадюк 
210 |a Москва  |c ЮНИТИ  |d 2013 
215 |a 391 с.  |c ил. 
225 1 |a Magister 
320 |a Библиогр.: с. 386-387. 
330 |a Рассмотрены сущность и основные черты современного инновационного менеджмента, конкуренция на рынках инноваций, глобализация инновационной деятельности; показано государственное регулирование этой деятельности. Раскрыта взаимосвязь инноваций и стандартизации, представлена социальная ответственность в области инноваций. Изложены методы инновационного менеджмента, включая целеполагание и прогнозирование инновационной деятельности, мотивацию инновационной активности, учет и анализ инновационной деятельности, контроль и регулирование инновационных проектов. Изложены методы оценки эффективности инновационного менеджмента. Рассмотрены прогрессивные технологии и практики инновационного менеджмента. Для студентов вузов, обучающихся по направлению подготовки 080200 «Менеджмент» (квалификация «магистр»). Может быть использован также при подготовке специалистов и бакалавров. 
606 1 |a Инновационный менеджмент  |2 stltpush  |3 (RuTPU)RU\TPU\subj\12654  |9 39407 
610 1 |a управление 
610 1 |a инновации 
610 1 |a инновативность 
610 1 |a конкурентоспособность 
610 1 |a нововведения 
610 1 |a благоприятные условия 
610 1 |a маркетинг 
610 1 |a инновационная деятельность 
610 1 |a инновационные технологии 
610 1 |a интеллектуальная собственность 
610 1 |a инновационные игры 
610 1 |a прогнозирование 
610 1 |a стратегическое управление 
610 1 |a экономическая эффективность 
610 1 |a учебники 
686 |a У9(2)0-551я73  |v LBC/SL-A  |2 rubbk 
702 1 |a Горфинкель  |b В. Я.  |g Владимир Яковлевич  |4 340 
702 1 |a Попадюк  |b Т. Г.  |4 340 
801 1 |a RU  |b 63413507  |c 20120926 
801 2 |a RU  |b 63413507  |c 20150514  |g RCR 
900 |a Инновационный менеджмент 
942 |c BK 
955 |l 8 
959 |a 121/20120926  |d 2  |e 500,00  |f ЧЗГЛ:1  |f АНЛ:1